00841 2200193 4500245005900000020002200059250001100081100002100092700002200113700001800135650001700153005001900170260004800189041001400237084001100251300002500262500032500287336003500612 aToko Jajanan Ajaib Zenitendo 3cHiroshima, ReikohText a978-623-134-186-0 aCet. 1 aHiroshima, Reiko aAprilia Ramadhani aFaira Ammadea aNovel Remaja a20250305085439 aJakartabKepustakaan Populer Gramediac2024 aIndonesia a808.83 av, 143 hlm. :cilus. aZenitendo punya pesaing baru. Tatarimedo namanya. Toko ini hanya menjual jajanan jahat. Adu jajanan tak terelakan, apalagi Tatarimedo berusaha merebut pelanggan Zenitendo. Zenitendo vs Tatarimedo, siapa yang akan menang? Jajanan dalam buku ini, di anataranya : Wafer Pelahap Mimpi, Acar Plum Anti Keriput, dan Soda Mumi. atactile three-dimensional form